OPAC Home

ප්‍ර‍වෘත්තිපත්‍ර කලාව,මතවාද හා විමර්ශන (Record no. 116179)

MARC details
000 -LEADER
fixed length control field 00531nam a2200169Ia 4500
003 - CONTROL NUMBER IDENTIFIER
control field LK-CoDNM
008 - FIXED-LENGTH DATA ELEMENTS--GENERAL INFORMATION
fixed length control field 010623t1993 xxu||||| |||| 00| 1 sin d
040 ## - CATALOGING SOURCE
Original cataloging agency LK-CoDNM
Modifying agency LK-CoDNM
Description conventions LK-CoDNM
041 ## - LANGUAGE CODE
Language code of text/sound track or separate title Sinhala; Sinhalese
080 ## - UNIVERSAL DECIMAL CLASSIFICATION NUMBER
Universal Decimal Classification number 07 C
Item number PIY
942 ## - ADDED ENTRY ELEMENTS (KOHA)
Koha item type Books
100 ## - MAIN ENTRY--PERSONAL NAME
Personal name Piyadasa,Rohana Lakshman.
245 ## - TITLE STATEMENT
Title ප්‍ර‍වෘත්තිපත්‍ර කලාව,මතවාද හා විමර්ශන
246 ## - VARYING FORM OF TITLE
Title proper/short title Journalism Concepts and analysis
260 ## - PUBLICATION, DISTRIBUTION, ETC. (IMPRINT)
Name of publisher, distributor, etc. Rohana Lakshman Piyadasa
Date of publication, distribution, etc. 1993
300 ## - PHYSICAL DESCRIPTION
Other physical details 124p., 21 cm
Holdings
Withdrawn status Lost status Damaged status Not for loan Collection code Permanent Location Current Location Date acquired Full call number Barcode Koha item type
        Monographs Library National Museum Colombo - Sri Lanka Library National Museum Colombo - Sri Lanka 2023-08-02 07 C PIY 140644 Books
Copyright © 2023 Department of National Museum, Colombo 07, Sri Lanka Funded by UNESCO IFAP UNESCO